000
00300nam a2200145 4500
008
211011b ||||| |||| 00| 0 eng d
020
_a
2900226307786
041
_a
eng
080
_a
82
082
_a
82
100
_a
21
101
_a
GJL
245
_a
Aeschylus I
_c
Lattimore,R
942
_2
ddc
_c
BK
999
_c
58124
_d
58124